000 00398 a2200097 4500
245 0 0 _aLiczniki indukcyjne energii elektrycznej - Badania odbiorcze PN-88/E-04222 /
_cOśrodek Badawczo-Rozwojowy Metrologii Elektrycznej LUMEL.
246 1 3 _aPN-88/E-04222
246 1 3 _a621.317.785
260 _aWarszawa :
_bOśrodek Badawczo-Rozwojowy Metrologii Elektrycznej LUMEL,
_c1988.
300 _a10 stron ;
_c30 cm.
650 _aPolska norma
999 _c20520
_d20520